Microwave devices and circuits (Record no. 5033)

MARC details
000 -LEADER
fixed length control field 00322nam a2200133Ia 4500
008 - FIXED-LENGTH DATA ELEMENTS--GENERAL INFORMATION
fixed length control field 150201s1990 xx 000 0 und d
082 ## - DEWEY DECIMAL CLASSIFICATION NUMBER
Classification number 621.3813
Item number LIO
100 ## - MAIN ENTRY--PERSONAL NAME
Personal name Liao,Samuel Y
245 ## - TITLE STATEMENT
Title Microwave devices and circuits
250 ## - EDITION STATEMENT
Edition statement 3rd Ed.
260 ## - PUBLICATION, DISTRIBUTION, ETC. (IMPRINT)
Name of publisher, distributor, etc. Pearson
Place of publication, distribution, etc. N.Delhi
Date of publication, distribution, etc. 1990
300 ## - PHYSICAL DESCRIPTION
Extent 542p.
942 ## - ADDED ENTRY ELEMENTS (KOHA)
Source of classification or shelving scheme Dewey Decimal Classification
Koha item type Books
Holdings
Withdrawn status Lost status Source of classification or shelving scheme Damaged status Not for loan Home library Current library Date acquired SGTU Total Checkouts Full call number Barcode Date last seen Bill Date Koha item type
    Dewey Decimal Classification     SGT Engineering Library SGT Engineering Library 14/05/2010 SGTU   621.3813 LIO FE2324 09/02/2015 09/02/2015 Books
    Dewey Decimal Classification     SGT Engineering Library SGT Engineering Library 14/05/2010 SGTU   621.3813 LIO FE2325 09/02/2015 09/02/2015 Books
    Dewey Decimal Classification     SGT Engineering Library SGT Engineering Library 14/05/2010 SGTU   621.3813 LIO FE2326 09/02/2015 09/02/2015 Books
    Dewey Decimal Classification     SGT Engineering Library SGT Engineering Library 06/09/2012 SGTU   621.3813 LIO FE5632 09/02/2015 09/02/2015 Books
    Dewey Decimal Classification     SGT Engineering Library SGT Engineering Library 06/09/2012 SGTU   621.3813 LIO FE5633 09/02/2015 09/02/2015 Books